[Event "Moscow op-A 04th"]
[Site "Moscow"]
[Date "2008.02.07"]
[Round "6"]
[White "Inarkiev, Ernesto"]
[Black "Kazhgaleyev, Murtas"]
[Result "1-0"]
[WhiteElo "2681"]
[BlackElo "2594"]
[Annotator "Reeh,O"]
[PlyCount "99"]
[EventDate "2008.02.02"]
[EventType "swiss"]
[EventRounds "9"]
[EventCountry "RUS"]
[SourceTitle "CBM 123"]
[Source "ChessBase"]
[SourceDate "2008.04.02"]
[SourceVersion "1"]
[SourceVersionDate "2008.04.02"]
[SourceQuality "1"]

1. e4 e5 2. Nf3 Nc6 3. Bb5 a6 4. Ba4 d6 5. O-O Bd7 6. c3 g6 7. d4 Bg7 8. Re1 b5
9. Bb3 Nf6 10. Nbd2 O-O 11. h3 Re8 12. a3 h6 13. Bc2 Nh5 14. Nf1 Nf4 15. Bxf4
exf4 16. Qd2 g5 17. Rad1 Qe7 18. Qd3 Kf8 19. Bb3 Rad8 20. Ba2 Qf6 21. N3h2 h5
22. Qf3 Qh6 23. g4 hxg4 24. Nxg4 Qg6 25. Nfh2 Ne7 26. Qg2 Bc6 27. d5 Bd7 28.
Nf3 Qh5 29. e5 $6 dxe5 30. Ngxe5 Bxe5 31. Nxe5 Bxh3 32. Qh1 Nf5 33. Rd3 g4 {
Black is completely winning. Schwarz steht komplett auf Gewinn.} 34. Qe4 f6 35.
d6 Rxe5 36. dxc7 Rde8 37. Qb4+ Ne7 38. Red1 Bg2 $1 39. Kxg2 f3+ 40. Kg3 Rf5 $4
({Black could have checkmated by force: Schwarz hätte forciert mattsetzen
können:} 40... Qh3+ 41. Kf4 Qh2+ 42. Kxg4 Qg2+ 43. Kh4 (43. Kf4 Rf5+ 44. Ke4
Qg4+ 45. Ke3 Qg5+ 46. Kd4 Qf4#) 43... Rh5+ $1 44. Kxh5 Qg5#) {[%tqu "En",
"Black is threatening mate on h3 - is White lost?","White has a strong passed
pawn on c7, and his bishop is controlling the important diagonal a2-g8.","",
"b4e7","Enabling the white rook to invade on d7 with tempo while at the same
time liquidating a defender of c8 (passed pawn c7!).",15,"De","Schwarz droht
Matt auf h3 - ist Weiß verloren?","Weiß hat einen starken Freibauern auf c7,
und sein Läufer kontrolliert die wichtige Diagonale a2-g8.","","b4e7",
"Ermöglicht dem weißen Turm, mit Tempo auf d7 einzusteigen und beseitigt
gleichzeitig einen Verteidiger von c8 (Freibauer c7!).",15]} 41. Qxe7+ $1 {
Enabling the white rook to invade on d7 with tempo while at the same time
liquidating a defender of c8 (passed pawn c7!). Ermöglicht dem weißen Turm,
mit Tempo auf d7 einzusteigen und beseitigt gleichzeitig einen Verteidiger von
c8 (Freibauer c7!).} Kxe7 42. Rd7+ Kf8 {But what now? Aber was nun?} {[%tqu
"En","But what now?","Of course White would like to play Rf7+ - but only under
the best circumstances...","","d1h1","What a move - parrying the mate threat
on h3 while deflecting the black from f7!  Now the forced sequence is 43...
Qxh1 44.Rf7+ Kg8 - have you seen how White can win then?",20,"d7f7","This
yields White nothing after the cool answer 43...Kf8!",0,"De","Aber was nun?",
"Natürlich möchte Weiß Tf7+ spielen - aber nur unter den besten Umständen...",
"","d1h1","Was für ein Zug - die Mattdrohung auf h3 wird pariert und
gleichzeitig die schwarze Dame von f7 abgelenkt!  Die erzwungene Folge ist nun
43...Dxh1 44.Tf7+ Kg8 - sehen Sie schon, wie Weiß nun gewinnt?",20,"d7f7",
"Dies bringt Weiß gar nichts nach der coolen Antwort 43...Kf8!",0]} 43. Rh1 $3
{Deflecting the black queen from the defence of f7. Lenkt die schwarze Dame
von der Verteidigung von f7 ab.} (43. Rf7+ {(with the idea 43...Qxf7 44.Bxf7
Kxf7 45.Rd7+ Kg6 46.Rd8) would yield White nothing after the cool (mit der
Idee 43...Qxf7 44.Bxf7 Kxf7 45.Rd7+ Kg6 46.Rd8) brächte Weiß gar nichts nach
dem coolen} Kg8 $1 44. Re7+ Kf8) 43... Qxh1 {Forced. Erzwungen.} (43... Qg6 44.
Rh8+) 44. Rf7+ {Now the white rook decides the game almost in a solo run. Nun
entscheidet der weiße Turm die Partie praktisch im Alleingang.} Kg8 45. Re7+ $1
Kh8 ({Or Oder} 45... Kf8 46. Rxe8+ Kxe8 47. c8=Q+ Ke7 48. Qxf5 {and White wins,
e.g. und Weiß siegt, z.B.} Qg2+ 49. Kf4 Qxf2 50. Qe6+ Kd8 51. Qxf6+ Kc7 52.
Qe5+ Kd8 53. Qd6+ Ke8 54. Qc6+ Kd8 55. Bd5 $1) 46. Rxe8+ Kg7 47. Rg8+ Kh7 {
[%tqu "En","How can White crown his play?","Enable the white passed pawn to
queen with check.","","g8h8","The final decoy - and this time Black can't
decline.",10,"De","Wie kann Weiß sein Spiel krönen?","Ermöglichen Sie dem
weißen Freibauern die Umwandlung mit Schach.","","g8h8","Die letzte Ablenkung
- und diesmal muss Schwarz den Köder schlucken.",10]} 48. Rh8+ $1 {The final
decoy - and this time Black can't decline. Die letzte Ablenkung - und diesmal
muss Schwarz den Köder schlucken.} Kxh8 49. c8=Q+ {Finally! Endlich!} Kg7 50.
Qg8+ 1-0

[Event "Moscow Aeroflot op-A"]
[Site "Moscow"]
[Date "2006.02.12"]
[Round "5"]
[White "Alekseev, Evgeny V"]
[Black "Mamedyarov, Shakhriyar"]
[Result "1/2-1/2"]
[WhiteElo "2634"]
[BlackElo "2709"]
[Annotator "Roiz,M"]
[PlyCount "98"]
[EventDate "2006.02.08"]
[EventType "swiss"]
[EventRounds "9"]
[EventCountry "RUS"]
[SourceTitle "CBM 112"]
[Source "ChessBase"]
[SourceDate "2006.06.07"]
[SourceVersion "1"]
[SourceVersionDate "2006.06.07"]
[SourceQuality "1"]

1. e4 e5 2. Nf3 Nc6 3. Bb5 a6 4. Ba4 d6 5. O-O Bd7 6. c3 g6 7. d4 Bg7 {This
theoretical position is a rare guest on the top level nowadays. However,
Shakhriyar has already tried it against several strong players in Wijk this
year.} 8. Re1 b5 $5 {This move is less popular than the main line 8...Nge7. At
the same time, the King's Indian type of position which may arise after 9.d5
Nb8 10.c4 is not to everyone's taste!} 9. Bb3 ({Deserves some attention} 9. Bc2
$5 {immediately taking control of the Pe4.}) 9... Nf6 10. Bg5 {In this system
White has some problems with developing the Bc1, so this move looks quite
logical. However, the bishop will be placed not so effectively on h4.} h6 11.
Bh4 O-O 12. Nbd2 ({White hasn't achieved anything special after:} 12. a4 Re8
13. dxe5 Nxe5 14. Nxe5 Rxe5 15. f4 Rh5 16. Bg3 bxa4 17. Bxa4 Bxa4 18. Rxa4 Rb5
$11 {1-0 Kuzmin,G-Malaniuk,V/Simferopol 2003/CBM 097 ext (39)}) 12... exd4 {
The point! Now this exchange is more logical, since the knight is already at
d2 and cannot stand at c3.} ({Deserves attention also keeping the pressure in
the centre by} 12... Re8 $5) 13. Nxd4 (13. cxd4 {leads to an unclear play:} g5
14. Bg3 Nh5 (14... g4 $5 15. d5 Nb4) 15. Bd5 Nxg3 16. hxg3 Rc8 $132) 13... Re8
$146 {This move is connected with an exchange sacrifice.} ({In my opinion more
accurate would be the immediate transfer of the queen:} 13... Qb8 14. N2f3 Qb7
15. Nxc6 Bxc6 16. e5 Nh5 $2 (16... Bxf3 17. Qxf3 Qxf3 18. gxf3 dxe5 19. Rxe5
Rad8 $11) 17. exd6 g5 $2 18. Nxg5 hxg5 19. Qxh5 $18 {1-0 Aseev,K-Malaniuk,V/
Lvov 1990/CBM 018 (19)}) 14. Bc2 {This move is too passive and cannot pretend
on advantage!} ({White has a great opportunity of getting a stable advantage
by:} 14. Bd5 $1 Nxd4 15. cxd4 $1 ({but not} 15. Bxa8 $6 Qxa8 16. cxd4 Nxe4 17.
Rc1 Nxd2 18. Qxd2 Rxe1+ 19. Qxe1 Qd5 $44) 15... c6 16. Bb3 $14 {intending to
meet} Qb6 $140 {with} 17. Bxf6 $1 Bxf6 18. e5 dxe5 19. Ne4 $36 {[%cal Oe4f6,
Ge4d6]}) 14... Qb8 {Delivering the queen to b7 in order to connect the rooks.}
15. Nf1 {White's knight has no other perspectives!} Qb7 16. f3 {Looks a bit
ugly, but actually it is the only way to protect the pawn.} Rac8 $6 {A strange
move - Black allows white to stabilize the situation.} ({More logical would be:
} 16... Nxd4 17. cxd4 c5 18. Bf2 Rac8 $132 {getting an excellent ''Benoni''
type of position.}) 17. Nxc6 Bxc6 18. Qd2 {The exchange of the knights is
clearly in White's favour, as it restricts Black's active options.} ({I would
prefer:} 18. Bf2 Nd7 19. Bd4 $14 {immediately swapping the bishops.}) 18... Nd7
19. Ne3 $6 {Missing the last opportunity of transfering the bishop to d4.} ({
After} 19. Bf2 $142 Ne5 20. Bd4 Nc4 21. Qc1 $14 {White's position should be
slighty better due to his space advantage.}) 19... Ne5 20. Bb3 ({Another
possibility was:} 20. b3 {but after} a5 21. Nd5 Bxd5 22. exd5 b4 23. c4 Nd7 $11
{[%cal Og7a1,Gd7c5] Black has a comfortable play.}) 20... a5 21. Bd5 {Leads to
serious simplifications.} ({More principal would be:} 21. a3 $5 Rb8 22. Rad1 b4
$132 {although Black gets a good counterplay here.}) 21... Bxd5 22. Nxd5 Nc4
23. Qc2 g5 $1 {Shakhriyar finds a concrete way to equalize.} ({Inaccurate
would be:} 23... Kh8 $6 24. Bf2 c6 25. Ne3 d5 26. Nxc4 bxc4 27. Rad1 Rb8 28.
Rd2 a4 29. Bd4 $14) 24. Bf2 c6 25. Ne3 Nxe3 {It's necessary to prevent White
to occupy the 'f5' spot.} 26. Rxe3 d5 27. Rae1 ({After} 27. exd5 $6 Rxe3 28.
Bxe3 cxd5 29. Qd3 b4 {only White may be worse here, since Black's pieces are
very active.}) 27... c5 ({Of course, not} 27... d4 $6 28. cxd4 Bxd4 29. Rd3
Bxf2+ 30. Qxf2 Rcd8 31. Red1 $14 {and White seizes the 'd' file.}) 28. exd5 (
28. Qe2 dxe4 (28... d4 $6 29. cxd4 Bxd4 30. Rd3 Bxf2+ 31. Qxf2 $14) 29. Rxe4
Rxe4 30. fxe4 Qc6 $11) 28... Rxe3 29. Rxe3 Qxd5 30. Qd3 {Evgeny offers the
trade of queens which leads to an immediate draw.} ({Draw would be also the
most probable result after:} 30. a4 b4 (30... c4 $5) 31. c4 Qd6 32. Rd3 Bd4 33.
Bxd4 cxd4 34. b3 Re8 35. Qd2 Qc5 $11) 30... Qxd3 31. Rxd3 {White's rook is
more active now, but White cannot avoid additional exchanges.} b4 (31... c4 $6
32. Rd5 b4 33. Bd4 Bxd4+ 34. Rxd4 bxc3 35. bxc3 a4 36. a3 $14) 32. Rd5 bxc3 33.
bxc3 Rb8 $11 {Activating the rook and solving all the problems.} ({Corretcly
avoiding} 33... Bxc3 $6 34. Rxc5 Rxc5 35. Bxc5 $14 {since White has some
advantage here.}) 34. h4 ({Nothing changed:} 34. h3 c4 35. Bd4 (35. Rxa5 Rb1+
36. Kh2 Bxc3 37. Rc5 Rb4 $15) 35... a4 36. Rc5 Rb2 37. Rxc4 Rxa2 $11) 34...
gxh4 35. Rxc5 Rb1+ 36. Kh2 Rb2 37. Bd4 Rxa2 38. Bxg7 Kxg7 39. Kh3 a4 40. Ra5 a3
41. Kxh4 Rxg2 42. Rxa3 Rg5 43. c4 Rc5 44. Rc3 Kf6 45. Kg4 Ke5 46. Re3+ Kd6 47.
Rd3+ Ke5 48. Re3+ Kd6 49. Rd3+ Ke5 1/2-1/2

[Event "RSFSR-ch"]
[Site "Kuibyshev"]
[Date "1990.??.??"]
[Round "?"]
[White "Meister, Jakob"]
[Black "Shabanov, Yuri"]
[Result "1/2-1/2"]
[WhiteElo "2415"]
[BlackElo "2375"]
[Annotator "Schussler,H"]
[PlyCount "93"]
[EventDate "1990.??.??"]
[EventType "tourn"]
[EventRounds "15"]
[EventCountry "URS"]
[EventCategory "6"]
[SourceTitle "CBM 021"]
[Source "ChessBase"]
[SourceDate "1991.04.01"]
[SourceVersion "1"]
[SourceVersionDate "1991.04.01"]
[SourceQuality "1"]

1. e4 e5 2. Nf3 Nc6 3. Bb5 a6 4. Ba4 Nf6 5. O-O d6 6. Bxc6+ bxc6 7. d4 Nd7 $6
8. dxe5 Nxe5 9. Nd4 {9.Sxe5! + =} c5 10. Ne2 {The game now transposes to a
known theoretical line.} Be7 11. b3 O-O 12. Bb2 Bf6 13. Nbc3 Nc6 14. Ng3 Re8
15. Qc1 Bb7 16. Nd5 Bxb2 17. Qxb2 Nd4 18. c3 Ne6 19. f4 Bxd5 20. exd5 Nf8 21.
c4 Nd7 22. Rae1 Nf6 23. h3 Qd7 24. Qc3 h5 25. Qd3 Rxe1 26. Rxe1 Re8 27. Rxe8+
Qxe8 28. Qe2 Qxe2 29. Nxe2 Ne4 30. g4 hxg4 31. hxg4 f5 32. g5 Kf7 33. Kg2 Kg6
34. Kf3 Nd2+ 35. Ke3 Ne4 36. Kf3 Kh5 37. Ng3+ Nxg3 38. Kxg3 a5 39. a3 Kg6 40.
Kh4 Kh7 41. Kh5 g6+ 42. Kh4 Kg7 43. Kg3 Kf7 44. Kf3 Ke7 45. Ke3 Kd7 46. Kd3 c6
47. a4 1/2-1/2

[Event "Gibraltar Masters 16th"]
[Site "Caleta"]
[Date "2018.01.24"]
[Round "8"]
[White "Sethuraman, SP."]
[Black "Praggnanandhaa, Rameshbabu"]
[Result "1-0"]
[WhiteElo "2646"]
[BlackElo "2515"]
[Annotator "Sethuraman,SP"]
[PlyCount "82"]
[EventDate "2018.01.23"]
[EventType "swiss"]
[EventRounds "10"]
[EventCountry "GGB"]
[SourceTitle "CBM 183"]
[Source "ChessBase"]
[SourceDate "2018.03.14"]
[SourceVersion "1"]
[SourceVersionDate "2018.03.14"]
[SourceQuality "1"]

{The eighth round was against the very talented young Prag who hails from the
same city as me. It was a very crucial round for me to fight for top spots and
for him as well in his hunt to become the world's youngest grandmaster by
fighting for a GM norm.} 1. e4 e5 2. Nf3 Nc6 3. Bb5 a6 4. Ba4 d6 {The fighting
Steinitz!} 5. O-O Bd7 6. c3 g6 7. d4 Bg7 8. Re1 b5 9. Bb3 (9. Bc2 {leads to
some extra options for Black like} exd4 $5 10. cxd4 Bg4) 9... Nf6 10. Nbd2 O-O
11. h3 Re8 12. a3 (12. a4 $6 {I had checked this game while preparing for my
opponent and didn't like the move 12.a4 as it weakens some squares. I was
thinking of some better version to put my bishop on b3-g8 and then looked at
12.a3 which is very typical in the Ruy Lopez for some time and it appealed to
me, the more objective.} Na5 13. Bc2 c5 14. d5 c4 15. b4 cxb3 16. Nxb3 bxa4 17.
Nxa5 Qxa5 18. Bd2 Qc7 {Alekseenko,K (2563)-Praggnanandhaa,R (2509) Tarvisio
2017, and Black had no problems.}) 12... a5 (12... Na5 13. Ba2 c5 14. b4 {
was my idea.}) (12... h6 13. Ba2 $5) 13. d5 Ne7 (13... Nb8 {with the bishop on
d7 one might wonder where the knight will go but Black has another route of
a6-c5:} 14. a4 (14. c4 a4 15. Bc2 c6) 14... b4 15. Nc4 (15. cxb4 axb4 16. Nc4
Na6 17. Bc2 Nc5 18. b3 Qb8) 15... Na6 (15... bxc3 16. bxc3 {[%csl Rb8]} Na6 17.
Bc2 Nc5 18. Ba3 $16) 16. Bc2 (16. Nxa5 bxc3 17. bxc3 Nc5 $132) 16... Nc5 {
and White doesn't have Ba3 but he has a nice tactical shot with} 17. Nxa5 $16)
14. a4 (14. c4 {I was considering this for some time but was worried about} a4
15. Ba2 c6 16. dxc6 Bxc6 17. cxb5 (17. Ng5 Rf8 $1) 17... Bxb5 18. Nb1 $5 $14 {
A subtle Karpovian manover suggested by the computer. A bit hard to see some
five moves back when it didn't cross my mind.}) 14... bxa4 15. Bc2 $6 {During
the game I thought it was clever to sustain the exchange on a4. My plan was to
play knight to c4 and then exchange on a4 as I was afraid of Black's break
with ...c6, but Black has a very nice move with 15...Nc8 which in fact I saw
it but underestimated that it could actually neutralise things on the spot. If
not for 15...Nc8 the move I played in the game would have been a subtle choice.
} (15. Bxa4 $1 Bxa4 16. Rxa4 (16. Qxa4 Nd7 {gave some counterchances for Black:
} (16... Qd7 17. Qc2 c6 18. Nc4) (16... c6 17. dxc6 Qc7 18. Nc4 Nxc6 19. Bg5 $1
$16) 17. Qd1 (17. Qb5 Nc5) 17... c6 18. dxc6 Nb6 $13) 16... c6 17. dxc6 Nxc6
18. Nc4 d5 19. exd5 Nxd5 {I had arrived at this position during the game and
thought it was not clear but the computer claims it as clearly superior for
White.}) 15... Qc8 $6 {After the game my opponent said he got confused with
the difference of White playing Bc2 and not taking on a4 first and hence later
he found that now after ...Qc8, he can no longer carry out the c6-plan as
White gets a big tempo with Nc4.} (15... Nc8 $1 16. Nc4 (16. Bxa4 Nb6 $1 (16...
Bxa4 17. Qxa4 Nb6 18. Qb5 Qd7 19. Rxa5)) 16... Nb6 17. Nxb6 cxb6 18. Bxa4 Bxa4
19. Qxa4 Qd7 $11) 16. Bxa4 (16. Nc4 Qa6) 16... Bxa4 17. Rxa4 Nd7 (17... c6 18.
Nc4 $16) 18. Nb3 Nb6 19. Rxa5 f5 20. Nfd2 {The white pieces are a bit tangled
but once he gets the perfect coordination, his extra pawn will begin to speak.}
fxe4 21. c4 Qf5 22. Qe2 Rab8 23. Na1 $5 {There were many option to prove
White's advantage but it was more aesthetically pleasing to bring out the
knight via a1.} e3 (23... c6 24. Nxe4 Qd7 25. Qd3 cxd5 26. cxd5 Ra8 27. b4 $16)
24. Qxe3 (24. fxe3 e4) 24... Qd7 25. Nc2 Rf8 (25... c6 26. Qd3 cxd5 27. cxd5
Ra8 28. Rb5 $16) 26. Qd3 Bh6 27. Ne4 Bxc1 28. Rxc1 Rf4 29. Ne3 $18 {The rest
is simple} c5 30. Rb5 Nec8 31. b4 Na7 32. Rxb6 $1 Rxb6 33. bxc5 dxc5 34. Nxc5
Qf7 35. Ne4 Rb2 36. Ng4 Qf8 37. d6 Kh8 38. d7 Nc6 39. Qd5 Rb6 40. c5 Ra6 41.
Nxe5 Ra4 {My opponent resigned and it was nice to score three consecutive wins.
Little Prag was smiling as always and was not too concerened about the loss
which meant that he will not be able to break Karjakin's record of becoming
the youngest Grandmaster. But I am pretty sure the maturity and the talent as
well as the character he possesses at such a young age will take him to
greater heights very soon!} 1-0

[Event "Rubinstein Memorial 33rd"]
[Site "Polanica Zdroj"]
[Date "1996.??.??"]
[Round "5"]
[White "Hracek, Zbynek"]
[Black "Huebner, Robert"]
[Result "1/2-1/2"]
[WhiteElo "2625"]
[BlackElo "2595"]
[Annotator "Wedberg,T"]
[PlyCount "208"]
[EventDate "1996.08.15"]
[EventType "tourn"]
[EventRounds "11"]
[EventCountry "POL"]
[EventCategory "15"]
[SourceTitle "CBM 055"]
[Source "ChessBase"]
[SourceDate "1996.12.01"]
[SourceVersion "1"]
[SourceVersionDate "1996.12.01"]
[SourceQuality "1"]

1. e4 e5 2. Nf3 Nc6 3. Bb5 a6 4. Ba4 d6 5. c3 Bd7 6. d4 Nf6 7. O-O g6 8. Re1
Qe7 9. c4 (9. d5) 9... Nxd4 (9... Bg7 10. Nc3 O-O 11. Nd5 Nxd5 12. exd5 Nb8 13.
Bc2 Bg4 14. h3 Bxf3 15. Qxf3 Nd7 $10 {1/2-1/2 Hellsten,J-Hernandez,Ame/
WchJM-U18 Bratislava (06) ;TD 93\05 1993 (43)}) 10. Nxd4 exd4 11. Bg5 h6 $146 {
This is slightly dangerous since it entails some tapdancing by the black K.
But it also gives White ample opportunities to go completely wrong.} (11... Bg7
12. Bxd7+ Qxd7 13. Qxd4 Qe6 14. Nc3 {1/2-1/2 Parma,B-Pytel,K/Dortmund (04) ;
MCL 01 1975}) 12. Bxd7+ (12. e5 $6 dxe5 13. Bxd7+ Kxd7 14. Bf4 Rd8 15. Rxe5 Qb4
$15) 12... Kxd7 13. Bh4 Bg7 14. c5 $1 (14. Qxd4 g5 15. Bg3 Nh5 $13) (14. f4 $2
g5 $1 15. fxg5 hxg5 16. Bxg5 Qe5 $17) 14... Rae8 15. Qxd4 g5 16. Bg3 Nh5 17. e5
$2 {To optimistic. Whites lack in development is the main problem.} (17. Qa4+
Kc8 18. cxd6 cxd6 19. Nc3 Bxc3 20. Rac1 Nxg3 21. Rxc3+ Kb8 22. hxg3 $13) 17...
Nxg3 18. Nc3 $6 (18. hxg3 $142 Bxe5 19. Qa4+ c6 $17 {since} 20. f4 $2 {loses to
} Bd4+) 18... Nf5 19. Qe4 Qe6 20. Qxb7 dxc5 21. Na4 (21. Rad1+ Nd4 22. Ne4 Qxe5
$19) 21... Qc6 22. Nxc5+ (22. Rad1+ Nd4 $19) 22... Qxc5 23. Rac1 Nd6 24. Red1
$6 {White could also have resigned, but this move turns out to be a saver.}
Qxe5 $4 {Black fails to deliver the knock out and has to pay for it the rest
of this long game.} (24... Qxc1 $19) 25. Qxc7+ Ke6 26. Rc5 {Suddenly its not
so easy any more.} Rb8 (26... Qf4 27. g3 Rc8 28. Qb6 Bd4 29. Re1+ Kf6 30. gxf4
Bxc5 31. fxg5+ hxg5 32. Qxa6 $13) 27. Rxe5+ Bxe5 28. b3 Rhc8 29. Qa5 Rc2 30.
Qxa6 Rbc8 31. g3 Rc1 32. Rxc1 Rxc1+ 33. Kg2 Rc2 34. Qa4 f5 $15 35. Kf1 g4 36.
b4 Rb2 37. Qa8 Bd4 38. Qg8+ Kd7 39. Qd5 Rxb4 40. Kg2 Bb6 41. h3 Rb2 42. hxg4
fxg4 43. Qg8 Rxf2+ 44. Kh1 Kc6 45. Qxg4 Rxa2 46. Qf3+ Kc7 47. Qc3+ Kb7 48. Qg7+
Bc7 49. Qxh6 Nf5 50. Qh7 Nxg3+ 51. Kg1 {This ending as interesting as it is
unusual. Chances are with Black, but this game shows how difficult it is to
organize the four men army.} Ra5 (51... Re2 $2 52. Qxc7+ $1 Kxc7 $10 {This
line shows one of Whites main defensive ideas - stalemate.}) 52. Kg2 Nf5 53.
Qd7 Re5 54. Kf1 Kb6 55. Kg2 Bd6 56. Kf3 Nd4+ 57. Kf2 Re6 58. Kg2 Kc5 59. Qb7
Kc4 60. Qa6+ Kd5 61. Qa8+ Ke5 62. Qh8+ Ke4 63. Qh4+ Kd3 64. Qh7+ Kd2 65. Qa7
Rg6+ 66. Kh3 Ke3 67. Kh4 Be5 68. Kh5 Rg7 69. Qa2 Nf3 70. Kh6 Rg4 71. Kh5 Rg5+
72. Kh6 Bf4 73. Kh7 Ne5 74. Qb3+ Kf2 75. Qc2+ Kg3 76. Qc3+ Kg4 77. Qe1 Rf5 78.
Qg1+ Kh5 79. Qh1+ Kg5 80. Qh6+ Kg4 81. Qe6 Bg5 82. Kg8 Bf6 83. Kf8 Kf4 84. Ke8
Ke4 85. Qa2 Rf3 86. Qg2 Kf5 87. Qc2+ Rd3 88. Qb1 Kg5 89. Qg1+ Kh6 90. Qh2+ Kg6
91. Qg2+ Bg5 92. Qc2 Kf6 93. Qf2+ Rf3 94. Qb6+ Kf5 95. Qb1+ Rd3 96. Qc2 Bf6 97.
Qb1 Kg6 98. Qg1+ Bg5 99. Qb1 Kh5 100. Qh1+ Bh4 {Here it s a draw according to
the 50-move rule.} 101. Kf8 Rd8+ 102. Kg7 Rd7+ 103. Kf8 Ng4 104. Qb1 Nf6 (
104... Nf6 105. Qg6+ Kxg6 $10) 1/2-1/2